| 000 | 00421nam a2200145 a 4500 | ||
|---|---|---|---|
| 001 | 000036643 | ||
| 005 | 20200930075840.0 | ||
| 008 | 120123s1939 dr 000 0 spa d | ||
| 040 |
_aDO-SdBNP _bspa _cBNPHU |
||
| 082 |
_axxxx _bxxxx |
||
| 100 | 1 |
_aGúzman, F. B. _962932 |
|
| 245 | 1 | 0 |
_aRosario de Onices. : _bF. B. Gúzman. |
| 260 |
_aSantiago, República Dominicana, : _bMuchas gracias, _c1939. |
||
| 300 |
_a92 p. ; _c20 cm. |
||
| 999 |
_c36134 _d36134 |
||